Mistrzowie Macedonii Północnej w piłce nożnej - nagła śmierć - Statystyki

Ogólne statystyki
  • Ten quiz został rozwiązany 12 razy
  • Średni wynik to 3 z 10
Answers on the Grid
Answers color-coded by a green-red scale on the quiz's grid according to % correct below.
Radnički Nisz
Rabotnicki Skopje
Wardar Skopje
Pelister Bitola
FK Struga
AP Brera Strumica
Pobeda Prilep
Metałurg Skopje
Siłeks Kratowo
Shkëndija Tetowo
Milano Kumanovo
KF Shkupi
Tikwesz Kawadarci
Renova Dzepciste
Słoga Skopje
Bełasica Strumica
Makedonija GP
FK Kukësi
 
Statystyki odpowiedzi
Odpowiedź % Poprawnych
Rabotnicki Skopje
64%
Wardar Skopje
64%
Słoga Skopje
45%
Shkëndija Tetowo
36%
FK Struga
27%
KF Shkupi
18%
Pobeda Prilep
9%
Siłeks Kratowo
9%
Makedonija GP
0%
Renova Dzepciste
0%
Nie znaleziono quizów pasujących do podanych kryteriów
Rozkład punktacji
Procent ludzi z każdym wynikiem
Percentyl według liczby udzielonych odpowiedzi
Twoja historia wyników
Nie rozwiązałeś tego quizu